| 000 | 01301nam a2200397 c 4500 | ||
|---|---|---|---|
| 001 | 52120 | ||
| 003 | ES-MaCES | ||
| 005 | 20250203133800.0 | ||
| 008 | 220218s2021 sp 000 | spa d | ||
| 017 |
_aPEAB 522-2021 _bDL |
||
| 020 | _a9788418330711 | ||
| 040 |
_aES-MaCES _bspa _cES-MaCES |
||
| 100 | 1 |
_917072 _aLousada Arochena, José Fernando |
|
| 245 | 1 | 0 |
_aEnfermedades profesionales en perspectiva de género _cJosé Fernando Lousada Arochena |
| 250 | _a1ª ed | ||
| 260 |
_aAlbacete _bBomarzo _c2021 |
||
| 300 |
_a90 p. _c21 cm |
||
| 490 | 1 |
_aBásicos de Derecho social _v123 |
|
| 504 | _aBibliografía: p. 81-88 | ||
| 541 | _cCompra | ||
| 650 | 4 |
_aenfermedad profesional _928346 |
|
| 650 | 4 |
_amujeres _928657 |
|
| 650 | 4 |
_atrabajadora _928413 |
|
| 650 | 4 |
_adiscriminación por razones de sexo _929521 |
|
| 650 | 4 |
_aplanificación en función del género _930645 |
|
| 650 | 4 |
_amedicina del trabajo _929360 |
|
| 650 | 4 |
_aseguridad en el trabajo _928348 |
|
| 650 | 4 |
_asalud en el trabajo _928347 |
|
| 650 | 4 |
_aderecho del trabajo _927165 |
|
| 650 | 4 |
_aEspaña _926964 |
|
| 650 | 4 |
_arégimen jurídico _929894 |
|
| 653 | 1 | 0 | _aDerecho del trabajo y Seguridad Social |
| 830 | 0 |
_aBásicos de Derecho social _v123 _933978 |
|
| 902 | _aLIB Libro | ||
| 942 |
_2CES _cBK _h6.0.1. |
||
| 999 |
_c52120 _d52120 |
||